| 000 | 00486nam a2200181Ia 4500 | ||
|---|---|---|---|
| 008 | 140626s9999 xx 000 0 und d | ||
| 100 | _aChaipipat, Kulachada. | ||
| 245 |
_aFree speech in Southeast Asia : _b a text of ASEAN's commitment / _c Kulachada.Chaipipat |
||
| 260 | _cc2013. | ||
| 300 | _a40 : 2, page 111 | ||
| 440 | _aMedia Asia | ||
| 521 | _aMC | ||
| 650 | _aAsean. | ||
| 650 | _aCommunication. | ||
| 650 | _aFree speech. | ||
| 650 | _aPress freedom. | ||
| 942 | _cSE | ||
| 999 |
_c121193 _d121193 |
||